| 000 | 00770cab a2200229 4500 | ||
|---|---|---|---|
| 001 | ABS45797 | ||
| 008 | 090401t1992 xxu||||| |||| 00| 0 eng d | ||
| 035 | _a(Sirsi) u55098 | ||
| 041 | _aeng | ||
| 100 | _aDuncan, A.G.M. | ||
| 245 | 4 | _aThe Agricultural Holdings (Scotland) Act 1991 | |
| 260 | _c1992 | ||
| 350 | _a0 | ||
| 490 |
_aScots Law Times _v(1) 10 January 1992, 1-4(4) |
||
| 520 | _aReviews the provisions of the new Act, which came into force on the 25 September, and points to areas of discrepancy with existing legislation. | ||
| 650 | _aAGRICULTURAL HOLDINGS (SCOTLAND) ACT 1991 | ||
| 650 | _aPROPERTY-LANDLORD AND TENANT-TENANCIES-AGRICULTURAL TENANCIES | ||
| 650 | _aSCOTLAND | ||
| 690 | _aRURAL PRACTICE | ||
| 942 | _n0 | ||
| 948 | _c04/03/1997 | ||
| 999 |
_c33687 _d33687 |
||